000 01410nam a2200349Ia 4500
001 ebr10593797
003 CaPaEBR
006 m u
007 cr cn|||||||||
008 120423s2012 ne sb 001 0 eng d
010 _z 2012015208
020 _z9789027249951 (hb : alk. paper)
020 _z9789027273628 (eb)
040 _aCaPaEBR
_cCaPaEBR
035 _a(OCoLC)804665162
050 1 4 _aP309
_b.C43 2012eb
082 0 4 _a492.7/8020285635
_223
245 0 0 _aChallenges for Arabic machine translation
_h[electronic resource] /
_cedited by Abdelhadi Soudi ...[et. al.].
260 _aAmsterdam ;
_aPhiladelphia :
_bJohn Benjamins Pub. Co.,
_c2012.
300 _aviii, 157 p.
490 0 _aNatural language processing ;
_vv. 9
504 _aIncludes bibliographical references and index.
533 _aElectronic reproduction.
_bPalo Alto, Calif. :
_cebrary,
_d2011.
_nAvailable via World Wide Web.
_nAccess may be limited to ebrary affiliated libraries.
650 0 _aMachine translating.
650 0 _aEnglish language
_xTranslating into Arabic.
650 0 _aArabic language
_xTranslating into English.
650 0 _aSpeech processing systems.
655 7 _aElectronic books.
_2local
700 1 _aSoudi, Abdelhadi.
710 2 _aebrary, Inc.
856 4 0 _uhttp://site.ebrary.com/lib/rucke/Doc?id=10593797
_zAn electronic book accessible through the World Wide Web; click to view
999 _c111882
_d111882